Statistiques concernant De droite ou de gauche? - Clic Quiz #4

Cliquez ici pour prendre le quiz!

Statistiques générales

  • Ce quiz a été pris 1 554 fois
  • Le résultat moyen est 11 sur 15

Statistiques - réponses

HintRéponse% Correct
Le golfDroite
96%
Le QatarDroite
92%
Le vertGauche
90%
Le Second EmpireDroite
90%
HECDroite
85%
Le chardonnayDroite
82%
Kim KardashianDroite
77%
UsulGauche
74%
La barbeGauche
72%
1984Gauche
72%
Le MEDEFDroite
60%
Georges MarchaisGauche
59%
La Voix du NordGauche
56%
Le Bill of RightsGauche
45%
NintendoDroite
41%

Distribution des résultats

Percentile par nombre de réponses

% des personnes avec chaque résultat

Votre développement - résultats

Vous n’avez pas pris ce quiz